| 000 | 00458 a2200157 4500 | ||
|---|---|---|---|
| 999 |
_c7365 _d7365 |
||
| 020 | _a---- | ||
| 050 | 0 | 0 | _aDA16 |
| 100 | 1 |
_aChurchill, Winston, _d1874-1965. |
|
| 245 | 1 | 2 |
_aA history of the English-speaking peoples VOLUME iv: _bThe great democracies/ _cWinston S. Churchill |
| 264 |
_aLondon: _bCassel and Company Ltd, _c1958 |
||
| 300 | _a322p.: | ||
| 500 | _aIncludes index | ||
| 650 | _aHistory | ||
| 651 | 0 | _aGreat Britain | |
| 942 |
_2lcc _cBK _h16 _iCHU _kDA |
||